|
|
|
|
| LEADER |
00842nam a2200205 a 4500 |
| 001 |
000630107 |
| 003 |
CZ BrMZK |
| 005 |
20021016133145.0 |
| 007 |
ta |
| 008 |
021014s1966 xr f cze d |
| 040 |
|
|
|a BOA001
|b cze
|c BOA001
|
| 100 |
1 |
|
|a Viewegh, Josef,
|d 1928-2003
|7 jk01142310
|4 dis
|
| 245 |
1 |
0 |
|a Příspěvek k zjišťování některých zvláštností specificky lidských typů pomocí řady literárních útvarů /
|c Josef Viewegh
|
| 260 |
|
|
|a Brno :
|b [Filosofická fakulta Univerzity J.E. Purkyně],
|c 1966
|
| 300 |
|
|
|a 164 s., příl.
|
| 502 |
|
|
|a Disertace -- Univerzita J.E. Purkyně v Brně, 1966
|
| 710 |
2 |
|
|a Univerzita J.E. Purkyně v Brně.
|b Filozofická fakulta
|7 kn20010709347
|
| 910 |
|
|
|a BOA001
|b 4-0590.699
|
| 990 |
|
|
|a BK
|
| 996 |
6 |
|
|b BC-56431
|c 4-0590.699
|l MZK
|r Sklad / do 1 hodiny
|n 0
|w 000630107
|u 000010
|a 1
|e BOA001
|j MZK50
|s P
|